Двойная жизнь Вермеера (Запись № 348490)

Подробности
000 -МАРКЕР
контрольное поле 01596nam0a2200373 4500
001 - ИДЕНТИФИКАТОР ЗАПИСИ
контрольное поле RU\NLR\bibl\1270027
005 - ИДЕНТИФИКАТОР ВЕРСИИ
контрольное поле 20260406002101.0
010 ## - МЕЖДУНАРОДНЫЙ СТАНДАРТНЫЙ НОМЕР КНИГИ (ISBN)
Номер (ISBN) 978-5-389-00137-4
Тираж 7000
021 ## - НОМЕР ГОСУДАРСТВЕННОЙ РЕГИСТРАЦИИ
Код страны Российская Федерация
Номер 2008-52800
Номер Листа государственной регистраци 2921
035 ## - ДРУГИЕ СИСТЕМНЫЕ НОМЕРА
Идентификатор записи (NLR Aleph) 001255909
100 ## - ДАННЫЕ ОБЩЕЙ ОБРАБОТКИ
Данные общей обработки 20080905d2008 |||y0rusy50 ca
101 1# - ЯЗЫК РЕСУРСА
Язык текста, звукозаписи и т.д. русский
Язык оригинала итальянский
102 ## - СТРАНА ПУБЛИКАЦИИ ИЛИ ПРОИЗВОДСТВА
Страна публикации Российская Федерация
105 ## - ПОЛЕ КОДИРОВАННЫХ ДАННЫХ: ТЕКСТОВЫЕ МАТЕРИАЛЫ, МОНОГРАФИЧЕСКИЕ
Кодированные данные о монографическом текстовом документе y |||||||||
200 1# - ЗАГЛАВИЕ И СВЕДЕНИЯ ОБ ОТВЕТСТВЕННОСТИ
Основное заглавие Двойная жизнь Вермеера
Параллельное заглавие La doppia vita di Vermeer
Первые сведения об ответственности Луиджи Гуарньери
Последующие сведения об ответственности пер. с ит. Льва Каца
Язык параллельного заглавия итальянский
210 ## - ПУБЛИКАЦИЯ, РАСПРОСТРАНЕНИЕ И ДР.
Место издания, распространения и т.д. Москва
Имя издателя, распространителя и т. д. КоЛибри
Дата издания, распространения и т.д. 2008
215 ## - ФИЗИЧЕСКАЯ ХАРАКТЕРИСТИКА
Специфическое обозначение материала и объем 285, [1] с.
Размеры 21
300 ## - ОБЩИЕ ПРИМЕЧАНИЯ
Текст примечания Авт. также на ит. яз.: Luigi Guarnieri
320 ## - ПРИМЕЧАНИЯ О НАЛИЧИИ В ДОКУМЕНТЕ БИБЛИОГРАФИИ / УКАЗАТЕЛЯ
Текст примечания Библиогр. в конце кн.
510 0# - ПАРАЛЛЕЛЬНОЕ ЗАГЛАВИЕ
Связь между полями z73790
Параллельное заглавие La doppia vita di Vermeer
Язык заглавия итальянский
600 #1 - ИМЯ ЛИЦА КАК ПРЕДМЕТ
Начальный элемент ввода Вермер Делфтский
Часть имени, кроме начального элемента ввода Я.
Даты 1632 - 1675
Расширение инициалов личного имени Ян
Тематический подзаголовок в художественной литературе
Системный номер авторитетной/нормативной записи 2110541
Идентификатор авторитетной/нормативной записи RU\NLR\auth\661579061
686 ## - ИНДЕКСЫ ДРУГИХ КЛАССИФИКАЦИЙ
Индекс Ш6(4Ит)67-4{Лх1609-50}
686 ## - ИНДЕКСЫ ДРУГИХ КЛАССИФИКАЦИЙ
Индекс Щ143(4Н)44-8Вермеер7
700 #1 - ИМЯ ЛИЦА - ПЕРВИЧНАЯ ОТВЕТСТВЕННОСТЬ
Код отношения Автор
Материалы, к которым относится поле rus
Графика поля Кириллица
Начальный элемент ввода Гуарньери
Часть имени, кроме начального элемента ввода Л.
Даты 1962-
Расширение инициалов личного имени Луиджи
Идентификатор авторитетной/нормативной записи RU\NLR\auth\7772617
Системный номер авторитетной/нормативной записи 55545
702 #1 - ИМЯ ЛИЦА - ВТОРИЧНАЯ ОТВЕТСТВЕННОСТЬ
Код отношения Прочие
Материалы, к которым относится поле rus
Графика поля Кириллица
Начальный элемент ввода Вермер Делфтский
Часть имени, кроме начального элемента ввода Я.
Даты 1632-1675
Расширение инициалов личного имени Ян
Идентификатор авторитетной/нормативной записи RU\NLR\AUTH\77111628
Системный номер авторитетной/нормативной записи 94553
790 #1 - ИМЯ ЛИЦА - АЛЬТЕРНАТИВНАЯ ФОРМА
Код отношения Автор
Материалы, к которым относится поле ita
Графика поля Латинская
Начальный элемент ввода Guarnieri
Часть имени, кроме начального элемента ввода L.
Даты 1962-
Расширение инициалов личного имени Luigi
Идентификатор авторитетной/нормативной записи RU\NLR\auth\7772620
Системный номер авторитетной/нормативной записи 55548
801 #0 - ИСТОЧНИК ЗАПИСИ
Страна Российская Федерация
Организация NLR
Дата составления 20080905
Правила каталогизации RCR
801 #1 - ИСТОЧНИК ЗАПИСИ
Страна Российская Федерация
Организация NLR
Дата составления 20080905
942 ## - ДОПОЛНИТЕЛЬНЫЕ ЭЛЕМЕНТЫ ЗАПИСИ (АБИС)
Тип экземпляра АБИС Книга
980 ## - КОЛЛЕКЦИЯ
Название коллекции Национальная библиография
Экземпляры
Тип экземпляра Дата поступления Источник поступления Библиотека постоянного хранения Библиотека текущего хранения Место хранения Шифр хранения Штрих-код Статус экземпляра Стоимость
Книга 05.09.2008 Обязательный экземпляр РНБ (Московский) РНБ (Московский) Русский книжный фонд: издания с 1957 года 2008-3/26632 1-683901    
Книга 05.09.2008 Обязательный экземпляр РНБ (Московский) РНБ (Московский) Русский книжный фонд: издания с 1957 года 2008-3/26632 2748095    
Книга 24.11.2008 Покупка РНБ (Садовая) РНБ (Садовая) Универсальный читальный зал У Щ14(4/8)/В-343г 1-194823   150.00